Southville International School and Colleges
Your cart is empty.
  • Cart
  • Lists
    Public lists Eva Luna New books Lux_list list_1
    Your lists Log in to create your own lists
  • Log in to your account
  • Your cookies
  • Search history
Southville International School and Colleges
  • Advanced search
  • Recent comments
  • Most popular
  • Libraries

Log in to your account

Log in with GOOGLE


If you do not have an external account, but do have a local account, you can still log in:

  1. Home
  2. MARC view: Clara Caterpillar /
Normal view MARC view ISBD view

Clara Caterpillar / (Record no. 33315)

[ view plain ]
MARC details
000 -LEADER
fixed length control field 01320cam a2200361 a 4500
001 - CONTROL NUMBER
control field 11977847
003 - CONTROL NUMBER IDENTIFIER
control field OSt
005 - DATE AND TIME OF LATEST TRANSACTION
control field 20140310184245.0
008 - FIXED-LENGTH DATA ELEMENTS--GENERAL INFORMATION
fixed length control field 000418s2001 nyua j 000 1 eng
010 ## - LIBRARY OF CONGRESS CONTROL NUMBER
LC control number 00032010
020 ## - INTERNATIONAL STANDARD BOOK NUMBER
International Standard Book Number 0439400163
020 ## - INTERNATIONAL STANDARD BOOK NUMBER
International Standard Book Number 0060289961 (lib. bdg.)
040 ## - CATALOGING SOURCE
Original cataloging agency DLC
Transcribing agency DLC
Modifying agency DLC
042 ## - AUTHENTICATION CODE
Authentication code lcac
050 00 - LIBRARY OF CONGRESS CALL NUMBER
Classification number PZ 7
Item number .Ed26365Cl 2002
100 1# - MAIN ENTRY--PERSONAL NAME
Personal name Edwards, Pamela Duncan.
9 (RLIN) 29968
245 10 - TITLE STATEMENT
Title Clara Caterpillar /
Statement of responsibility, etc by Pamela Duncan Edwards ; illustrated by Henry Cole.
260 ## - PUBLICATION, DISTRIBUTION, ETC. (IMPRINT)
Place of publication, distribution, etc New York :
Name of publisher, distributor, etc Scholastic Inc.,
Date of publication, distribution, etc 2001.
300 ## - PHYSICAL DESCRIPTION
Extent [28 p.] :
Other physical details col. ill. ;
Dimensions 23 cm.
521 ## - TARGET AUDIENCE NOTE
Target audience note
526 ## - STUDY PROGRAM INFORMATION NOTE
Reading level 660
562 ## - COPY AND VERSION IDENTIFICATION NOTE
Number of copies 2
650 #1 - SUBJECT ADDED ENTRY--TOPICAL TERM
Topical term or geographic name as entry element Butterflies
Form subdivision Fiction.
9 (RLIN) 29969
650 #1 - SUBJECT ADDED ENTRY--TOPICAL TERM
Topical term or geographic name as entry element Metamorphosis
Form subdivision Fiction.
9 (RLIN) 29970
700 1# - ADDED ENTRY--PERSONAL NAME
Personal name Cole, Henry,
Dates associated with a name 1955-
Relator term ill.
9 (RLIN) 29971
856 42 - ELECTRONIC LOCATION AND ACCESS
Materials specified Publisher description
Uniform Resource Identifier <a href="http://www.loc.gov/catdir/description/hc041/00032010.html">http://www.loc.gov/catdir/description/hc041/00032010.html</a>
856 42 - ELECTRONIC LOCATION AND ACCESS
Materials specified Contributor biographical information
Uniform Resource Identifier <a href="http://www.loc.gov/catdir/enhancements/fy0910/00032010-b.html">http://www.loc.gov/catdir/enhancements/fy0910/00032010-b.html</a>
906 ## - LOCAL DATA ELEMENT F, LDF (RLIN)
a 7
b cbc
c orignew
d 1
e ocip
f 20
g y-gencatlg
942 ## - ADDED ENTRY ELEMENTS (KOHA)
Source of classification or shelving scheme Library of Congress Classification
Koha item type
Holdings
Withdrawn status Lost status Source of classification or shelving scheme Damaged status Home library Current library Shelving location Date acquired Total Checkouts Full call number Barcode Date last seen Copy number Price effective from Koha item type
    Library of Congress Classification   Luxembourg Library Luxembourg Library Scholastic Reading Center Section 04/13/2012   PZ 7 .Ed26365Cl 2002 SCHO0841 04/18/2017 1 01/30/2014 Books
    Library of Congress Classification   Luxembourg Library Luxembourg Library Scholastic Reading Center Section 10/17/2013   PZ 7 .Ed26365Cl 2002 SCHO0842 04/18/2017 2 01/30/2014 Books

Clara Caterpillar /

APA

Edwards P. D., Cole H., . (2001). Clara Caterpillar. New York: Scholastic Inc.

Chicago

Edwards Pamela Duncan, Cole Henry, . 2001. Clara Caterpillar. New York: Scholastic Inc.

Harvard

Edwards P. D., Cole H., . (2001). Clara Caterpillar. New York: Scholastic Inc.

MLA

Edwards Pamela Duncan, Cole Henry, . Clara Caterpillar. New York: Scholastic Inc. 2001.

  • Place hold
  • Print
  • Cite
  • Add to your cart (remove)
  • Save record
    BIBTEX Dublin Core MARCXML MARC (non-Unicode/MARC-8) MARC (Unicode/UTF-8) MARC (Unicode/UTF-8, Standard) MODS (XML) RIS
  • More searches
    Search for this title in:
    Other Libraries (WorldCat) Other Databases (Google Scholar) Online Stores (Bookfinder.com) Open Library (openlibrary.org)

Exporting to Dublin Core...

SOUTHVILLE LIBRARY

Southville International School and Colleges Library

1281 Tropical Ave. Cor. Luxembourg St., BF Homes International, Las Pinas City

Tel. No. 8256374 / 252358 Loc. 117/146

Powered by Koha